[Event "Copenhagen Ch"]
[Site "Copenhagen"]
[Date "2003.02.07"]
[Round "1"]
[White "Hansen, Lars Henrik Bech"]
[Black "Hedegaard, Erik"]
[Result "1-0"]
[WhiteElo "2087"]
[BlackElo "1487"]
[PlyCount "89"]
[EventDate "2003.02.07"]
[EventType "swiss"]
[EventRounds "9"]
[EventCountry "DEN"]

1. e4 e5 2. Nf3 Nc6 3. d4 exd4 4. Bc4 Bb4+ 5. c3 Be7 6. cxd4 d6 7. Qb3 Na5 8.
Bxf7+ Kf8 9. Qc3 c6 10. Bxg8 Rxg8 11. b4 b6 12. bxa5 Ba6 13. Nbd2 d5 14. Ne5
Rc8 15. Ba3 c5 16. Qf3+ Bf6 17. Nd3 dxe4 18. Qxe4 Bxd4 19. Nf4 Qe7 20. Qxe7+
Kxe7 21. O-O-O Bxf2 22. Nd5+ Ke8 23. Ne4 Rf8 24. Nd6+ Kd7 25. Nxc8 Kxc8 26.
axb6 axb6 27. Nxb6+ Kc7 28. Nd5+ Kc6 29. Ne7+ Kb5 30. Kc2 Ka4 31. Bb2 Bh4 32.
Nd5 Bb7 33. Rhf1 Rf2+ 34. Rxf2 Bxf2 35. Bxg7 Ka3 36. Bb2+ Ka4 37. Be5 Bc6 38.
Bc7 Ka3 39. Rd3+ Ka4 40. Nc3+ Kb4 41. Rd6 Bxg2 42. Rd2 Bd4 43. Rxg2 Bxc3 44.
Rg4+ Bd4 45. Be5 1-0

[Event "Copenhagen Ch"]
[Site "Copenhagen"]
[Date "2003.02.10"]
[Round "5"]
[White "Hansen, Lars Henrik Bech"]
[Black "Rasmussen, Christian Ejnar"]
[Result "1-0"]
[WhiteElo "2087"]
[BlackElo "1635"]
[PlyCount "41"]
[EventDate "2003.02.07"]
[EventType "swiss"]
[EventRounds "9"]
[EventCountry "DEN"]

1. e4 c6 2. d4 d5 3. exd5 cxd5 4. Bd3 Nf6 5. c3 Nc6 6. Bg5 e6 7. Nf3 Be7 8. O-O
O-O 9. Nbd2 Nd7 10. Bxe7 Qxe7 11. Re1 Qd6 12. Re3 f6 13. Qe2 e5 14. Nh4 e4 15.
Nxe4 dxe4 16. Bc4+ Rf7 17. Qh5 Nd8 18. Nf5 Qf4 19. Rh3 Nf8 20. Ne7+ Kh8 21.
Ng6+ 1-0

[Event "Copenhagen Ch"]
[Site "Copenhagen"]
[Date "2003.02.09"]
[Round "3"]
[White "Hansen, Lars Henrik Bech"]
[Black "Brondum, Eric"]
[Result "0-1"]
[WhiteElo "2087"]
[BlackElo "2212"]
[PlyCount "44"]
[EventDate "2003.02.07"]
[EventType "swiss"]
[EventRounds "9"]
[EventCountry "DEN"]

1. e4 c5 2. Nf3 d6 3. d4 cxd4 4. Nxd4 Nf6 5. Nc3 a6 6. Be3 e6 7. g4 b5 8. g5
Nfd7 9. Bxb5 axb5 10. Ndxb5 Ne5 11. f4 Nc4 12. Bf2 Nc6 13. Qf3 Bb7 14. O-O-O
Be7 15. Qe2 Nb6 16. Bc5 Nc8 17. Nxd6+ Bxd6 18. Bxd6 Nxd6 19. Nb5 O-O 20. Rxd6
Rxa2 21. Kb1 Qa5 22. Na3 Rxb2+ 0-1

[Event "Copenhagen Ch"]
[Site "Copenhagen"]
[Date "2003.02.10"]
[Round "5"]
[White "Hansen, Soren Moller"]
[Black "Schmidt, Horst Hubert"]
[Result "0-1"]
[WhiteElo "1782"]
[BlackElo "1980"]
[PlyCount "100"]
[EventDate "2003.02.07"]
[EventType "swiss"]
[EventRounds "9"]
[EventCountry "DEN"]

1. d4 Nf6 2. c4 e6 3. Nc3 d5 4. Bg5 Be7 5. Nf3 O-O 6. e3 Nbd7 7. Bd3 Re8 8. O-O
c6 9. Rc1 Nf8 10. Re1 h6 11. Bxf6 Bxf6 12. e4 Bg5 13. Rc2 a6 14. cxd5 exd5 15.
e5 Bg4 16. h3 Bxf3 17. Qxf3 Ne6 18. Ne2 Qa5 19. Rf1 Qxa2 20. Qg3 Qa4 21. Qg4 c5
22. f4 Be7 23. dxc5 Nxc5 24. Bf5 Ne4 25. Bxe4 Qxe4 26. Rc7 d4 27. Ng3 Qg6 28.
Qxg6 fxg6 29. Ne4 b6 30. Rd1 Rad8 31. Rc6 g5 32. g3 gxf4 33. gxf4 Rf8 34. Rxb6
Rxf4 35. Nd6 a5 36. Ra6 Kh7 37. Rf1 Bg5 38. e6 Rxf1+ 39. Kxf1 Be7 40. Ne4 d3
41. Ke1 Bb4+ 42. Kd1 Rf8 43. Nc3 Rf2 44. e7 Bxe7 45. Rxa5 Bb4 46. Rd5 Rxb2 47.
Rxd3 Rb3 48. Kc2 Rxc3+ 49. Rxc3 Bxc3 50. Kxc3 Kg6 0-1

[Event "Copenhagen Ch"]
[Site "Copenhagen"]
[Date "2003.02.12"]
[Round "7"]
[White "Hansen, Soren Moller"]
[Black "Jensen, Jannick"]
[Result "1-0"]
[WhiteElo "1782"]
[BlackElo "2013"]
[PlyCount "61"]
[EventDate "2003.02.07"]
[EventType "swiss"]
[EventRounds "9"]
[EventCountry "DEN"]

1. d4 Nf6 2. c4 g6 3. Nc3 Bg7 4. e4 d6 5. f3 O-O 6. Be3 e5 7. d5 c6 8. Bd3 cxd5
9. cxd5 b6 10. Nge2 Ba6 11. g4 Bxd3 12. Qxd3 Nbd7 13. Ng3 a6 14. h4 Nc5 15. Qd2
Re8 16. h5 Qe7 17. Qh2 Bh8 18. O-O-O Rec8 19. Kb1 b5 20. Rdg1 b4 21. Nce2 b3
22. axb3 Nxb3 23. hxg6 fxg6 24. Nf5 gxf5 25. g5 Ng4 26. fxg4 f4 27. g6 fxe3 28.
gxh7+ Kf8 29. Rf1+ Ke8 30. Qh5+ Kd8 31. Rf7 1-0

[Event "Copenhagen Ch"]
[Site "Copenhagen"]
[Date "2003.02.07"]
[Round "1"]
[White "Hansen, Soren Moller"]
[Black "Christensen, Bo Garner"]
[Result "0-1"]
[WhiteElo "1782"]
[BlackElo "2201"]
[PlyCount "80"]
[EventDate "2003.02.07"]
[EventType "swiss"]
[EventRounds "9"]
[EventCountry "DEN"]

1. d4 Nf6 2. c4 c5 3. d5 e6 4. Nc3 exd5 5. cxd5 d6 6. e4 g6 7. Nf3 Bg7 8. Bd3
O-O 9. O-O Re8 10. Re1 Na6 11. Bg5 h6 12. Bh4 Qb6 13. Rb1 Bg4 14. a3 Nh5 15.
Bb5 Rec8 16. h3 Bxf3 17. Qxf3 Be5 18. Bd7 Rc7 19. Bg4 Ng7 20. Qe3 g5 21. Bg3
Bd4 22. Qd2 Re8 23. Na4 Qb3 24. Nc3 Be5 25. Bxe5 Rxe5 26. f4 gxf4 27. Qxf4 h5
28. Bf5 Rce7 29. Qg5 Qc4 30. Kh1 Nc7 31. h4 b5 32. Re3 f6 33. Qg6 Rxf5 34. exf5
Rxe3 35. Qxf6 Nxd5 36. Qg5 Re5 37. Qd8+ Kh7 38. Nxd5 Rxd5 39. Re1 Rxf5 40. Re7
Rf1+ 0-1

[Event "Copenhagen Ch"]
[Site "Copenhagen"]
[Date "2003.02.09"]
[Round "3"]
[White "Hansen, Soren Moller"]
[Black "Rasmussen, Christian Ejnar"]
[Result "1-0"]
[WhiteElo "1782"]
[BlackElo "1635"]
[PlyCount "83"]
[EventDate "2003.02.07"]
[EventType "swiss"]
[EventRounds "9"]
[EventCountry "DEN"]

1. d4 Nf6 2. c4 g6 3. Nc3 d5 4. cxd5 Nxd5 5. e4 Nxc3 6. bxc3 Bg7 7. Bc4 O-O 8.
Ne2 c5 9. Be3 Qa5 10. O-O Nc6 11. Qb3 cxd4 12. cxd4 e6 13. Rad1 Qc7 14. Bb5 a6
15. Bd3 b5 16. Rc1 Qd7 17. Rfd1 Bb7 18. d5 exd5 19. exd5 Ne5 20. Be4 Nc4 21.
Bf4 Rfe8 22. Bf3 Rac8 23. Ng3 Ne5 24. Bxe5 Bxe5 25. Rxc8 Rxc8 26. Qe3 Bxg3 27.
hxg3 Qd6 28. Qa7 Rc7 29. Kh2 Bc8 30. Qb8 Qc5 31. d6 Rd7 32. Qa8 Kg7 33. Bg4 f5
34. Bf3 Qc2 35. Qd5 Bb7 36. Qd4+ Kh6 37. Bxb7 Rxb7 38. d7 Rxd7 39. Qxd7 Qxa2
40. Qd2+ Qxd2 41. Rxd2 b4 42. Ra2 1-0

[Event "Copenhagen Ch"]
[Site "Copenhagen"]
[Date "2003.02.14"]
[Round "9"]
[White "Hedegaard, Erik"]
[Black "Schmidt, Horst Hubert"]
[Result "0-1"]
[WhiteElo "1487"]
[BlackElo "1980"]
[PlyCount "100"]
[EventDate "2003.02.07"]
[EventType "swiss"]
[EventRounds "9"]
[EventCountry "DEN"]

1. e4 e6 2. d4 d5 3. e5 Bd7 4. Bd3 a6 5. Nf3 Bb5 6. O-O Ne7 7. c3 Bxd3 8. Qxd3
Ng6 9. Bg5 Be7 10. Bxe7 Qxe7 11. Nbd2 Nd7 12. Qe3 O-O 13. c4 c6 14. cxd5 cxd5
15. Rac1 Rac8 16. Nb3 b6 17. Nbd2 Nb8 18. Qb3 Qb7 19. Rc3 Rxc3 20. bxc3 b5 21.
a4 Rc8 22. axb5 axb5 23. Ra1 Nd7 24. Rb1 Nf4 25. Kf1 h6 26. Ne1 Qc6 27. g3 Ng6
28. Rc1 h5 29. Nd3 Ngf8 30. Nb4 Qa8 31. Na2 Nb6 32. Rc2 Nc4 33. Nxc4 bxc4 34.
Qb1 Rb8 35. Qd1 Qa4 36. Nb4 g6 37. Qf3 Rxb4 38. Re2 Rb1+ 39. Kg2 Qd1 40. Qe3
Qf1+ 41. Kf3 Rd1 42. Rd2 Re1 43. Re2 Qh1+ 44. Kf4 Nh7 45. h4 Qh3 46. Kf3 Rg1
47. Qf4 Qh1+ 48. Ke3 Rd1 49. f3 Qg1+ 50. Rf2 Rd3+ 0-1

[Event "Copenhagen Ch"]
[Site "Copenhagen"]
[Date "2003.02.08"]
[Round "2"]
[White "Hedegaard, Erik"]
[Black "Hansen, Soren Moller"]
[Result "1/2-1/2"]
[WhiteElo "1487"]
[BlackElo "1782"]
[PlyCount "112"]
[EventDate "2003.02.07"]
[EventType "swiss"]
[EventRounds "9"]
[EventCountry "DEN"]

1. e4 g6 2. d4 Bg7 3. Nf3 d6 4. Bc4 Nf6 5. Nc3 O-O 6. O-O Nxe4 7. Nxe4 d5 8.
Bd3 dxe4 9. Bxe4 Nd7 10. c4 c5 11. Be3 Nf6 12. Qc2 Ng4 13. d5 Nxe3 14. fxe3 Rb8
15. Rad1 b5 16. b3 bxc4 17. Qxc4 Qa5 18. Qc2 Ba6 19. Bd3 c4 20. Bxc4 Rfc8 21.
Nd2 Bh6 22. Qe4 Bxc4 23. Nxc4 Qc5 24. Qf3 Rf8 25. Kh1 Bg7 26. e4 a5 27. e5 Rbd8
28. d6 e6 29. Qe4 Qb5 30. Rf6 Bxf6 31. exf6 Qf5 32. Qe5 a4 33. Qxf5 exf5 34.
bxa4 Rfe8 35. h3 Re6 36. a5 Kf8 37. Rd5 Ke8 38. a6 Kd7 39. Rb5 Kc6 40. Rb7 Rxf6
41. Ne5+ Kxd6 42. Nxf7+ Rxf7 43. Rxf7 Ra8 44. Kg1 Ke6 45. Rxh7 Rxa6 46. Rb7
Rxa2 47. Rb6+ Kf7 48. g3 Kg7 49. Re6 Kh6 50. Kf1 Kg5 51. Kg1 Rb2 52. Re3 Kh5
53. Rf3 Rc2 54. Rf2 Rc5 55. Kg2 g5 56. Rxf5 Rxf5 1/2-1/2

[Event "Copenhagen Ch"]
[Site "Copenhagen"]
[Date "2003.02.09"]
[Round "4"]
[White "Hedegaard, Erik"]
[Black "Jensen, Alexander Lindberg"]
[Result "1-0"]
[WhiteElo "1487"]
[BlackElo "1561"]
[PlyCount "29"]
[EventDate "2003.02.07"]
[EventType "swiss"]
[EventRounds "9"]
[EventCountry "DEN"]

1. e4 d5 2. exd5 Qxd5 3. Nc3 Qa5 4. d4 c6 5. Nf3 Nf6 6. Bd2 Qc7 7. Bc4 e6 8.
O-O Be7 9. Re1 O-O 10. Qe2 Re8 11. Ne4 Nbd7 12. Neg5 Bf8 13. Nxf7 Kxf7 14.
Bxe6+ Ke7 15. Ng5 1-0

[Event "Copenhagen Ch"]
[Site "Copenhagen"]
[Date "2003.02.11"]
[Round "6"]
[White "Hedegaard, Erik"]
[Black "Thrane, Jens"]
[Result "0-1"]
[WhiteElo "1487"]
[BlackElo "1518"]
[PlyCount "106"]
[EventDate "2003.02.07"]
[EventType "swiss"]
[EventRounds "9"]
[EventCountry "DEN"]

1. e4 c5 2. Nf3 d6 3. Nc3 Nc6 4. Be2 Nf6 5. O-O g6 6. d3 Bg7 7. Re1 O-O 8. a3
a6 9. Bd2 b6 10. Bf1 Nd4 11. Nxd4 cxd4 12. Ne2 e5 13. h3 Bb7 14. c4 dxc3 15.
Bxc3 Re8 16. b4 d5 17. exd5 Nxd5 18. Bb2 Rc8 19. Rc1 Qg5 20. Rxc8 Bxc8 21. Ng3
Nf4 22. Kh2 Bb7 23. Ne4 Qd8 24. g3 f5 25. Nc3 Qd4 26. Kg1 Nh5 27. Qb3+ Kh8 28.
Ne2 Qd6 29. Bg2 Bc8 30. Qd5 Qxd5 31. Bxd5 Rd8 32. Nc3 Nf6 33. Bc4 b5 34. Nxb5
axb5 35. Bxb5 e4 36. dxe4 Nxe4 37. Bxg7+ Kxg7 38. Rc1 Kf6 39. Rc7 h5 40. Kg2
Be6 41. Rc6 Nd6 42. Rb6 Nxb5 43. Rxb5 Ra8 44. Ra5 Rxa5 45. bxa5 Bd5+ 46. f3 g5
47. Kf2 Bb7 48. Ke3 Ke5 49. f4+ gxf4+ 50. gxf4+ Kd5 51. h4 Ba6 52. Kf3 Kd4 53.
a4 Bc4 0-1

[Event "Copenhagen Ch"]
[Site "Copenhagen"]
[Date "2003.02.12"]
[Round "7"]
[White "Hedegaard, Erik"]
[Black "Christensen, Aage Niels"]
[Result "1-0"]
[WhiteElo "1487"]
[BlackElo "1272"]
[PlyCount "115"]
[EventDate "2003.02.07"]
[EventType "swiss"]
[EventRounds "9"]
[EventCountry "DEN"]

1. e4 e6 2. d4 d5 3. Nd2 Nf6 4. e5 Nfd7 5. f4 c5 6. Ngf3 Nc6 7. Nb3 c4 8. Nbd2
Be7 9. Be2 b5 10. c3 b4 11. O-O Qa5 12. Nb1 bxc3 13. Nxc3 Rb8 14. a3 Qc7 15.
Qc2 f5 16. exf6 Nxf6 17. Kh1 Na5 18. Be3 Bd7 19. Ne5 Nc6 20. Nxd7 Qxd7 21. Rae1
Rb3 22. Bd1 O-O 23. Qe2 Rb7 24. Ba4 Rfb8 25. Bxc6 Qxc6 26. Bc1 Ne4 27. Nxe4
dxe4 28. Qxe4 Qxe4 29. Rxe4 Bf6 30. g4 Rd7 31. Rd1 Rbd8 32. Be3 Kf7 33. g5 Be7
34. Rc1 Rc8 35. Bd2 Rdc7 36. Rce1 Re8 37. Rxe6 Rcc8 38. f5 Rcd8 39. g6+ hxg6
40. fxg6+ Kf8 41. R1e4 Rb8 42. Rf4+ Kg8 43. Bc3 Rb6 44. Rfe4 Rxe6 45. Rxe6 Kf8
46. Rc6 Bg5 47. Rxc4 Re6 48. Rc8+ Ke7 49. Rc7+ Kd6 50. Rxg7 Rf6 51. Kg2 Kd5 52.
Rd7+ Ke6 53. Rxa7 Rf8 54. d5+ Kf5 55. Rf7+ Rxf7 56. gxf7 Bh6 57. Bb4 Ke5 58.
f8=Q 1-0

[Event "Copenhagen Ch"]
[Site "Copenhagen"]
[Date "2003.02.10"]
[Round "5"]
[White "Jakobsen, Ole"]
[Black "Christensen, Bo Garner"]
[Result "1-0"]
[WhiteElo "2377"]
[BlackElo "2201"]
[PlyCount "87"]
[EventDate "2003.02.07"]
[EventType "swiss"]
[EventRounds "9"]
[EventCountry "DEN"]

1. d4 Nf6 2. c4 g6 3. Nc3 Bg7 4. e4 d6 5. f3 O-O 6. Nge2 e5 7. Bg5 h6 8. Be3
Nc6 9. d5 Ne7 10. Qd2 Kh7 11. g4 Nd7 12. Ng3 a5 13. Bd3 Nc5 14. Bc2 Bd7 15. h4
Nc8 16. h5 g5 17. O-O Nb6 18. Qe2 c6 19. Rfd1 Qf6 20. b3 Kg8 21. Rab1 cxd5 22.
exd5 Nc8 23. a3 e4 24. Ncxe4 Nxe4 25. Bxe4 Qe5 26. Kg2 Re8 27. Bd4 Qe7 28. Bxg7
Kxg7 29. Qb2+ Qe5 30. Bf5 Qxb2+ 31. Rxb2 Bxf5 32. Nxf5+ Kf6 33. Kf2 Ra6 34.
Nxh6 Ne7 35. Re1 Rh8 36. Rbe2 Rxh6 37. Rxe7 Rb6 38. R1e3 Rh8 39. Rc7 Ra8 40.
Kg3 Rg8 41. f4 Rf8 42. Rf3 gxf4+ 43. Kxf4 Kg7 44. Kg5 1-0

[Event "Copenhagen Ch"]
[Site "Copenhagen"]
[Date "2003.02.12"]
[Round "7"]
[White "Jakobsen, Ole"]
[Black "Naes, Flovin Tor"]
[Result "1/2-1/2"]
[WhiteElo "2377"]
[BlackElo "2283"]
[PlyCount "43"]
[EventDate "2003.02.07"]
[EventType "swiss"]
[EventRounds "9"]
[EventCountry "DEN"]

1. d4 d5 2. Nf3 e6 3. c4 c5 4. cxd5 exd5 5. g3 Nf6 6. Bg2 Nc6 7. O-O Be7 8.
dxc5 Bxc5 9. Bg5 O-O 10. Nc3 d4 11. Bxf6 Qxf6 12. Nd5 Qd8 13. Nd2 Re8 14. Nb3
Be6 15. Nxc5 Bxd5 16. Nxb7 Qg5 17. f4 Qh5 18. e4 Qxd1 19. Rfxd1 Bxe4 20. Nd6
Bxg2 21. Nxe8 Bf3 22. Nd6 1/2-1/2

[Event "Copenhagen Ch"]
[Site "Copenhagen"]
[Date "2003.02.08"]
[Round "2"]
[White "Jakobsen, Ole"]
[Black "Nielsen, Michael"]
[Result "1-0"]
[WhiteElo "2377"]
[BlackElo "2101"]
[PlyCount "49"]
[EventDate "2003.02.07"]
[EventType "swiss"]
[EventRounds "9"]
[EventCountry "DEN"]

1. d4 Nf6 2. c4 c5 3. d5 b5 4. Nf3 Bb7 5. Nbd2 d6 6. e4 bxc4 7. Bxc4 g6 8. b3
Bg7 9. Bb2 O-O 10. O-O a5 11. Rb1 Nbd7 12. Re1 Nb6 13. Qc2 Qc7 14. Bb5 Ba6 15.
Bxa6 Rxa6 16. a4 Rb8 17. h3 Ra7 18. Bc3 Nfd7 19. Bxg7 Kxg7 20. Rbc1 e6 21. dxe6
fxe6 22. Nd4 Nf8 23. Nb5 Qe7 24. Nxa7 Qxa7 25. e5 1-0

[Event "Copenhagen Ch"]
[Site "Copenhagen"]
[Date "2003.02.09"]
[Round "3"]
[White "Jakobsen, Ole"]
[Black "Olsen, Miriam Frida"]
[Result "1-0"]
[WhiteElo "2377"]
[BlackElo "1895"]
[PlyCount "103"]
[EventDate "2003.02.07"]
[EventType "swiss"]
[EventRounds "9"]
[EventCountry "DEN"]

1. d4 f5 2. Nc3 d5 3. Bf4 c6 4. e3 Nf6 5. Nf3 e6 6. Bd3 Be7 7. O-O O-O 8. Ne2
Ne4 9. h3 Nd7 10. c4 b6 11. cxd5 cxd5 12. Rc1 Nd6 13. Bh2 Nf6 14. Ne5 Bd7 15.
f3 g5 16. Qd2 Kh8 17. Rc2 Rc8 18. Rfc1 Nfe8 19. b3 Bf6 20. a4 Rxc2 21. Rxc2 Qe7
22. Qb4 Rg8 23. a5 bxa5 24. Qxa5 Nc8 25. Nxd7 Qxd7 26. Bb5 Qb7 27. Ba6 Qb6 28.
Qxb6 Nxb6 29. Bb8 Rg7 30. Bb5 Re7 31. Bxe8 Rxe8 32. Bxa7 Rc8 33. Rxc8+ Nxc8 34.
Bc5 Kg8 35. g4 Kf7 36. Nc3 fxg4 37. hxg4 Bd8 38. Na4 Ke8 39. b4 Kd7 40. b5 Nd6
41. Bxd6 Kxd6 42. Kf2 e5 43. Ke2 exd4 44. exd4 Kd7 45. Nc5+ Kc8 46. Kd3 Be7 47.
b6 Bd6 48. Kc3 Bg3 49. Kb4 Bf2 50. Nb3 Bg3 51. Kb5 Bf4 52. Kc6 1-0

[Event "Copenhagen Ch"]
[Site "Copenhagen"]
[Date "2003.02.07"]
[Round "1"]
[White "Jensen, Alexander Lindberg"]
[Black "Pallesen, Jacob"]
[Result "0-1"]
[WhiteElo "1561"]
[BlackElo "2092"]
[PlyCount "80"]
[EventDate "2003.02.07"]
[EventType "swiss"]
[EventRounds "9"]
[EventCountry "DEN"]

1. d4 d6 2. Nf3 g6 3. Bf4 Bg7 4. e3 Nf6 5. Nbd2 O-O 6. Be2 Nbd7 7. h3 c5 8.
dxc5 Nxc5 9. O-O Bd7 10. Re1 Nh5 11. c3 Nxf4 12. exf4 Bh6 13. Nb3 Bxf4 14. Nxc5
dxc5 15. Bc4 e6 16. Qe2 Bc6 17. Rad1 Qe7 18. Bb5 Bxb5 19. Qxb5 Rfd8 20. Qa4 Bd6
21. Rd2 a6 22. Red1 b5 23. Qc2 Bc7 24. g3 Rxd2 25. Rxd2 Rd8 26. Kg2 Rxd2 27.
Qxd2 Kg7 28. h4 Qd6 29. Qxd6 Bxd6 30. Nd2 f5 31. c4 Kf6 32. f4 e5 33. Kf3 e4+
34. Ke3 h6 35. b3 g5 36. Nf1 gxf4+ 37. gxf4 Kg6 38. Ng3 h5 39. a4 bxc4 40. bxc4
Be7 0-1

[Event "Copenhagen Ch"]
[Site "Copenhagen"]
[Date "2003.02.11"]
[Round "6"]
[White "Jensen, Alexander Lindberg"]
[Black "Hansen, Soren Moller"]
[Result "0-1"]
[WhiteElo "1561"]
[BlackElo "1782"]
[PlyCount "86"]
[EventDate "2003.02.07"]
[EventType "swiss"]
[EventRounds "9"]
[EventCountry "DEN"]

1. d4 g6 2. Nf3 Bg7 3. e3 d6 4. b3 Nf6 5. Bb2 O-O 6. Be2 c6 7. O-O b5 8. Nbd2
Nbd7 9. c4 bxc4 10. Bxc4 Nb6 11. Qe2 a5 12. Bd3 Nfd5 13. Nc4 Nb4 14. Nxb6 Qxb6
15. Rfc1 Bg4 16. Rd1 a4 17. bxa4 Rxa4 18. a3 Nd5 19. Rdb1 Qc7 20. h3 Bd7 21.
Qc2 Raa8 22. Rc1 Rfb8 23. Be4 Nf6 24. Bxc6 Qxc6 25. Qxc6 Bxc6 26. Rxc6 Rxb2 27.
a4 Rb7 28. a5 Rba7 29. a6 Nd5 30. Nd2 Nb4 31. Rc4 Rxa6 32. Rxa6 Nxa6 33. Ra4
Nc7 34. Rxa8+ Nxa8 35. Nc4 Nc7 36. Kf1 d5 37. Nd2 f6 38. Ke2 e5 39. dxe5 fxe5
40. Nb3 Kf7 41. Kd3 Ne6 42. f3 Ke7 43. h4 Kd6 0-1

[Event "Copenhagen Ch"]
[Site "Copenhagen"]
[Date "2003.02.09"]
[Round "3"]
[White "Jensen, Alexander Lindberg"]
[Black "Christensen, Aage Niels"]
[Result "1/2-1/2"]
[WhiteElo "1561"]
[BlackElo "1272"]
[PlyCount "42"]
[EventDate "2003.02.07"]
[EventType "swiss"]
[EventRounds "9"]
[EventCountry "DEN"]

1. d4 Nf6 2. Nf3 g6 3. e3 Bg7 4. c4 O-O 5. Nc3 d5 6. Be2 c5 7. O-O cxd4 8. Nxd4
e5 9. Nf3 dxc4 10. Bxc4 Nc6 11. h3 a6 12. Ne2 Qe7 13. Ng3 Rd8 14. Qc2 Be6 15.
Bxe6 Qxe6 16. b3 Nb4 17. Qe2 Rd7 18. Rd1 Rad8 19. Rxd7 Rxd7 20. Bd2 Nd3 21. Rd1
Nb2 1/2-1/2

[Event "Copenhagen Ch"]
[Site "Copenhagen"]
[Date "2003.02.13"]
[Round "8"]
[White "Jensen, Alexander Lindberg"]
[Black "Sandbech, Ted"]
[Result "0-1"]
[WhiteElo "1561"]
[BlackElo "1519"]
[PlyCount "108"]
[EventDate "2003.02.07"]
[EventType "swiss"]
[EventRounds "9"]
[EventCountry "DEN"]

1. d4 d5 2. Nf3 c5 3. e3 Nc6 4. Bb5 Qa5+ 5. Nc3 e6 6. Bd2 Qc7 7. O-O Bd7 8. b3
Nf6 9. Na4 c4 10. bxc4 dxc4 11. Nb2 Qb6 12. Bxc6 Qxc6 13. Ne5 Qc7 14. Nexc4 Bb5
15. Qe2 Ba6 16. Rfe1 Rc8 17. Ba5 Bxc4 18. Bxc7 Bxe2 19. Rxe2 Rxc7 20. c4 Ba3
21. Rc1 O-O 22. Rc3 Bxb2 23. Rxb2 b6 24. h3 h6 25. Rc1 Rfc8 26. Rbc2 Ne4 27.
Kf1 Nd6 28. c5 bxc5 29. Rxc5 Rxc5 30. Rxc5 Rxc5 31. dxc5 Nc8 32. Ke2 Kf8 33.
Kd3 Ke7 34. Kc4 Kd7 35. Kb5 Kc7 36. Ka6 Kc6 37. g3 f5 38. a4 g5 39. f3 e5 40.
f4 exf4 41. exf4 gxf4 42. gxf4 h5 43. a5 Kxc5 44. Kb7 Ne7 45. a6 Nc6 46. h4 Kd5
47. Kc7 Nb4 48. Kb7 Nxa6 49. Kxa6 Ke4 50. Kxa7 Kxf4 51. Kb6 Kg3 52. Kc5 f4 53.
Kd4 f3 54. Ke3 Kg2 0-1

[Event "Copenhagen Ch"]
[Site "Copenhagen"]
[Date "2003.02.09"]
[Round "4"]
[White "Jensen, Jannick"]
[Black "Dogru, Latif"]
[Result "1-0"]
[WhiteElo "2013"]
[BlackElo "1323"]
[PlyCount "79"]
[EventDate "2003.02.07"]
[EventType "swiss"]
[EventRounds "9"]
[EventCountry "DEN"]

1. e4 c5 2. Nf3 Nc6 3. d3 e6 4. g3 Nf6 5. Bg2 Be7 6. O-O O-O 7. Re1 d6 8. Nbd2
Qc7 9. Nf1 d5 10. e5 Nd7 11. Bf4 Nb6 12. h4 d4 13. Ng5 h6 14. Ne4 Nd5 15. Nf6+
Bxf6 16. Bxd5 Bxe5 17. Bxc6 Bxf4 18. Bg2 Bd6 19. Nd2 Bd7 20. Qh5 Bc6 21. Bxc6
Qxc6 22. Re4 Kh7 23. Rae1 g6 24. Qe2 Rae8 25. f4 Re7 26. h5 Rg8 27. hxg6+ Rxg6
28. Qf2 f5 29. R4e2 Qc7 30. Kh2 e5 31. Nc4 exf4 32. Rxe7+ Bxe7 33. gxf4 b5 34.
Ne5 Re6 35. Qe2 Bd6 36. Qh5 Rf6 37. Qe8 Bxe5 38. Rxe5 a6 39. Re7+ Rf7 40. Qxf7+
1-0

[Event "Copenhagen Ch"]
[Site "Copenhagen"]
[Date "2003.02.13"]
[Round "8"]
[White "Jensen, Jannick"]
[Black "Hedegaard, Erik"]
[Result "0-1"]
[WhiteElo "2013"]
[BlackElo "1487"]
[PlyCount "44"]
[EventDate "2003.02.07"]
[EventType "swiss"]
[EventRounds "9"]
[EventCountry "DEN"]

1. e4 c5 2. d3 Nc6 3. Nf3 d6 4. g3 g6 5. Bg2 Bg7 6. O-O e6 7. Re1 Nge7 8. Nbd2
O-O 9. Nf1 Rb8 10. h4 b5 11. Rb1 Bb7 12. N1h2 h5 13. g4 hxg4 14. Nxg4 f5 15.
Nh6+ Bxh6 16. Bxh6 Rf7 17. Ng5 Rf6 18. exf5 Nxf5 19. Nxe6 Rxe6 20. Rxe6 Qxh4
21. Bd2 Ne5 22. Qe2 Nd4 0-1

[Event "Copenhagen Ch"]
[Site "Copenhagen"]
[Date "2003.02.08"]
[Round "2"]
[White "Jensen, Jannick"]
[Black "Thrane, Jens"]
[Result "1/2-1/2"]
[WhiteElo "2013"]
[BlackElo "1518"]
[PlyCount "125"]
[EventDate "2003.02.07"]
[EventType "swiss"]
[EventRounds "9"]
[EventCountry "DEN"]

1. e4 c5 2. Nf3 d6 3. d4 cxd4 4. Nxd4 Nf6 5. Nc3 Nc6 6. Be2 g6 7. Be3 Bg7 8.
O-O O-O 9. Kh1 a6 10. Nb3 b5 11. a3 Ne5 12. f3 Bb7 13. Qe1 Nc4 14. Bxc4 bxc4
15. Nd4 Qc7 16. Rd1 Rfd8 17. Nde2 d5 18. exd5 Nxd5 19. Nxd5 Rxd5 20. Rxd5 Bxd5
21. Bd4 Bxd4 22. Nxd4 Rb8 23. Qc3 Qb7 24. Rb1 e5 25. Ne2 f6 26. b4 cxb3 27.
cxb3 Rc8 28. Qb2 a5 29. h3 Kg7 30. Ng3 Rc6 31. b4 axb4 32. Qxb4 Qc7 33. a4 Rc4
34. Qb5 Rc5 35. Qb4 Rc4 36. Qa3 e4 37. Nxe4 Bxe4 38. fxe4 Rxe4 39. a5 Qe7 40.
Qxe7+ Rxe7 41. a6 Re6 42. Ra1 Re8 43. a7 Ra8 44. Kg1 Kf8 45. Kf2 Ke7 46. Ke3
Kd7 47. Kd4 Kc7 48. Kc5 Kb7 49. Kd6 f5 50. Ke7 f4 51. Kf7 g5 52. Kg7 h5 53. Ra5
g4 54. Rxh5 gxh3 55. gxh3 Rxa7 56. Rf5 Kc6+ 57. Kg6 Ra3 58. h4 Rg3+ 59. Kf6 f3
60. h5 Kd7 61. h6 Rh3 62. Kg5 Ke7 63. Kg4 1/2-1/2

[Event "Copenhagen Ch"]
[Site "Copenhagen"]
[Date "2003.02.11"]
[Round "6"]
[White "Jensen, Jannick"]
[Black "Paaske, Asger"]
[Result "0-1"]
[WhiteElo "2013"]
[BlackElo "2117"]
[PlyCount "46"]
[EventDate "2003.02.07"]
[EventType "swiss"]
[EventRounds "9"]
[EventCountry "DEN"]

1. e4 c5 2. Nf3 Nc6 3. d3 g6 4. g3 Bg7 5. Bg2 e6 6. O-O d6 7. Re1 Nge7 8. Nbd2
Rb8 9. Nf1 b5 10. h4 h5 11. Rb1 Qa5 12. a3 b4 13. Bd2 Qc7 14. Ne3 a5 15. Ng5 b3
16. c3 Ba6 17. Bf1 Ne5 18. Bc1 c4 19. dxc4 O-O 20. c5 Qa7 21. Bxa6 Qxa6 22.
Qxd6 N7c6 23. Rd1 Rbd8 0-1

[Event "Copenhagen Ch"]
[Site "Copenhagen"]
[Date "2003.02.09"]
[Round "4"]
[White "Jensen, Kim Roper"]
[Black "Moller, Frederik Oest"]
[Result "1-0"]
[WhiteElo "1790"]
[BlackElo "1593"]
[PlyCount "127"]
[EventDate "2003.02.07"]
[EventType "swiss"]
[EventRounds "9"]
[EventCountry "DEN"]

1. f4 d5 2. g3 c5 3. Bg2 Nc6 4. Nf3 Nf6 5. O-O Bg4 6. d3 e6 7. c3 Bd6 8. Qe1
O-O 9. e4 Bc7 10. Na3 Nd7 11. Be3 a6 12. Qf2 Qe7 13. Rae1 dxe4 14. dxe4 f6 15.
Nc2 Rad8 16. Bc1 h6 17. Ne3 Bh5 18. b3 b5 19. Ba3 Bd6 20. Nd2 e5 21. Nd5 Qe8
22. f5 b4 23. Nc4 Be7 24. Nc7 Qf7 25. Bb2 Rc8 26. Ne6 Rfe8 27. Ne3 Kh8 28. g4
bxc3 29. Bxc3 Nd4 30. gxh5 Qxh5 31. Bf3 Qf7 32. Qh4 Nxe6 33. Bh5 Qg8 34. Bxe8
Rxe8 35. fxe6 Qxe6 36. Nd5 Bd8 37. Bd2 f5 38. Qh3 fxe4 39. Qxe6 Rxe6 40. Rf7
Rd6 41. Bxh6 gxh6 42. Ne3 Bg5 43. Nf5 Rd3 44. Rxe4 Nf6 45. Rxe5 Rd1+ 46. Kf2
Rd2+ 47. Kf1 Rxh2 48. Rxc5 Rf2+ 49. Ke1 Rxa2 50. Rc8+ Ng8 51. Rg7 Ra1+ 52. Ke2
Ra2+ 53. Kd3 Rd2+ 54. Ke4 Rd8 55. Rcc7 Nf6+ 56. Ke5 Ng4+ 57. Ke6 Nf6 58. Rxg5
Nd5 59. Rgg7 Nxc7+ 60. Rxc7 h5 61. Kf6 Rg8 62. Nh4 Rg4 63. Ng6+ Kg8 64. Rg7#
1-0

[Event "Copenhagen Ch"]
[Site "Copenhagen"]
[Date "2003.02.11"]
[Round "6"]
[White "Jensen, Kim Roper"]
[Black "Nielsen, Michael B"]
[Result "1-0"]
[WhiteElo "1790"]
[BlackElo "1250"]
[PlyCount "45"]
[EventDate "2003.02.07"]
[EventType "swiss"]
[EventRounds "9"]
[EventCountry "DEN"]

1. e4 e5 2. f4 exf4 3. Bc4 Nf6 4. Nf3 d5 5. exd5 Nxd5 6. O-O Be6 7. d3 Bc5+ 8.
d4 Be7 9. Bd3 Nc6 10. c4 Ne3 11. Bxe3 fxe3 12. d5 Nb4 13. dxe6 Nxd3 14. exf7+
Kf8 15. Qe2 Bf6 16. Nc3 Ne5 17. Rad1 Qe7 18. Nd5 Qc5 19. Nxe5 Bxe5 20. b4 Qc6
21. Qxe3 Bf6 22. Rxf6 gxf6 23. Qe7+ 1-0